000
00234nam a2200121Ia 4500
100
_a
None
942
_c
BK
654
_a
electronic
245
_a
Electronic problems
260
_b
none
082
_a
621.381
_b
ELE
546
_a
ENGLISH
999
_c
21114
_d
21114